Central Library OPAC University of Rajshahi
Normal view MARC view

Entry Topical Term

Number of records used in: 2

001 - CONTROL NUMBER

  • control field: 12900

003 - CONTROL NUMBER IDENTIFIER

  • control field: BD-RjUL

005 - DATE AND TIME OF LATEST TRANSACTION

  • control field: 20240508113850.0

008 - FIXED-LENGTH DATA ELEMENTS

  • fixed length control field: 240508|| aca||aabn | a|a d

040 ## - CATALOGING SOURCE

  • Original cataloging agency: BD-RjUL
  • Transcribing agency: BD-RjUL

150 ## - HEADING--TOPICAL TERM

  • Topical term or geographic name entry element: Lentils
  • General subdivision: Histopathological study

670 ## - SOURCE DATA FOUND

  • Source citation: Work cat.: (BD-RjUL)83684: CHOWDHURY, A. N. M. AL- MAMUN 12899, A COMPARATIVE HISTOPATHOLOGICAL STUDY OF SOME RESISTANT AND SUSCEPTIBLE VARIETIES OF LENTIL TO STEMPHYLIUM BLIGHT CAUSED BY STEMPHYLIUM BOTRYOSUM WALIR. /, 1996